| 000 | 00340nam a22001337a 4500 | ||
|---|---|---|---|
| 082 |
_a823 _bPRA/C |
||
| 100 | _aPRAN | ||
| 245 | _aCHACHA CHAUDHARY AND SABU'S SHOES | ||
| 246 |
_aCHACHA CHAUDHARY AND SABU'S SHOES _bCHACHA CHAUDHARY AND SABU'S SHOES |
||
| 260 |
_aNEW DELHI _bDIAMOND |
||
| 300 | _a44 | ||
| 650 | _aENGLISH COMICS | ||
| 942 | _cBK | ||
| 999 |
_c8647 _d8647 |
||